|
|
|
|
| LEADER |
01418nam a2200361Ia 4500 |
| 001 |
EBC1608383 |
| 003 |
MiAaPQ |
| 005 |
20200520144314.0 |
| 006 |
m o d | |
| 007 |
cr cn||||||||| |
| 008 |
100527s2009 dcua s i000 0 eng d |
| 035 |
|
|
|a (MiAaPQ)EBC1608383
|
| 035 |
|
|
|a (Au-PeEL)EBL1608383
|
| 035 |
|
|
|a (CaPaEBR)ebr10368615
|
| 035 |
|
|
|a (CaONFJC)MIL284381
|
| 035 |
|
|
|a (OCoLC)870245348
|
| 040 |
|
|
|a MiAaPQ
|c MiAaPQ
|d MiAaPQ
|
| 050 |
|
4 |
|a HG4521
|b .C378 2009
|
| 100 |
1 |
|
|a Carvajal, Ana.
|
| 245 |
1 |
4 |
|a The challenge of enforcement in the securities markets
|h [electronic resource] :
|b mission impossible? /
|c prepared by Ana Carvajal and Jennifer Elliott.
|
| 260 |
|
|
|a [Washington, DC] :
|b International Monetary Fund, MCM,
|c 2009.
|
| 300 |
|
|
|a 37 p. :
|b ill.
|
| 490 |
1 |
|
|a IMF working paper ;
|v WP/09/168
|
| 500 |
|
|
|a "August 2009".
|
| 533 |
|
|
|a Electronic reproduction. Ann Arbor, MI : ProQuest, 2015. Available via World Wide Web. Access may be limited to ProQuest affiliated libraries.
|
| 650 |
|
0 |
|a Securities industry.
|
| 650 |
|
0 |
|a Securities fraud.
|
| 655 |
|
4 |
|a Electronic books.
|
| 700 |
1 |
|
|a Elliott, Jennifer A.,
|d 1962-
|
| 710 |
2 |
|
|a International Monetary Fund.
|b Monetary and Capital Markets Dept.
|
| 710 |
2 |
|
|a ProQuest (Firm)
|
| 830 |
|
0 |
|a IMF working paper ;
|v WP/09/168.
|
| 856 |
4 |
0 |
|u https://ebookcentral.proquest.com/lib/matrademy/detail.action?docID=1608383
|z Click to View
|